• 首页
  • 本馆介绍
  • 公告通知
  • 最新文献
  • 馆藏检索
  • 电子资源
  • 读者导购
  • 参考咨询
  • 我的图书馆
  • 登录
  • 详细信息显示
  • 放入我的书架
  • 预约/预借图书
  • 作者相关作品
  • 分类相关作品
  • 丛书相关作品
  • 出版社相关作品

书目信息

  • 表格格式
  • 工作单格式
  • 卡片格式
书名: THE AGE OF FABLE
作者: Bulfinch Thomas
分册号:
分册名:
出版地: New York :
 
出版社: Airmont
出版时间: 1965.
页数: 292 p. :
开本: 22 cm. :
丛书名:
中图分类号:
科图分类号:
其他分类号: H319.4
主题词:
电子资源:
000 00632nam 2200205 a 4500
001 E0759141511
005 20070210163111.92
008 uu
008 1965
040    @aNLC
049    @aN5LA
090    @a2/I712.73/BT///////////952101
090    @aH319.4
096    @aI712.73 @v2
099    @dH319.4@ex212
100 1  @aBulfinch, Thomas.
245 10 @aTHE AGE OF FABLE :@bBULFINCH'S MYTHOLOGY,introduction by Earle Toppings / @cBulfinch Thomas
260    @aNew York :@bAirmont,@c1965.
300    @a292 p. :@bill., maps ;@c22 cm. :@b00 ;@c20020930@lNLC09@h2245@lNLC09@h2237@lNLC09@h1828
852 9  @bWWJC @cJ08S @k2 @hI712.73 @iBT
    
    THE AGE OF FABLE : : BULFINCH'S MYTHOLOGY,introduction by Earle Toppings / / Bulfinch Thomas.-New York : : Airmont, , 1965.
    292 p. : : ill., maps ; ; 22 cm. : : 00 ; ; 20020930
    
    
    ISBN
    
●
相关链接 在E读中查询图书 在五车中查询图书 在当当中查询图书 在豆瓣中查询图书


正题名:THE AGE OF FABLE     索取号:H319.4/x212         预约/预借

序号 登录号 条形码 馆藏地/架位号 状态 备注
1 123435   001434512   第四借阅区/ [索取号:H319.4/x212] 在馆    
2 123436   001434497   第四借阅区/ [索取号:H319.4/x212] 在馆    
3 123437   001434558   第四借阅区/ [索取号:H319.4/x212] 在馆    
4 123438   001434503   第四借阅区/ [索取号:H319.4/x212] 在馆    
5 123439   001434521   第二样本阅览室/ [索取号:H319.4/x212] 在馆    
唐山师范学院图书馆 欢迎您!
大连网信软件有限公司© 版权所有